[Event "It \"]
[Site "masterchessopen.com Basel (Switzerland)"]
[Date "2007.01.04"]
[Round "4"]
[White "Tschann Stephan (GER)"]
[Black "Gonda Laszlo (HUN)"]
[Result "0-1"]
[WhiteElo "2220"]
[BlackElo "2502"]

1.Nf3 Nf6 2.c4 e6 3.g3 d5 4.d4 dxc4 5.Bg2 Be7 6.O-O O-O 7.Na3 Bxa3 8.bxa3 Nbd7
9.Bb2 Nb6 10.Ne5 Nfd7 11.f4 f6 12.Nf3 Nd5 13.Qc1 b5 14.a4 a6 15.e4 N5b6 16.Ba3
Re8 17.a5 Na4 18.Qc2 Bb7 19.Rad1 c5 20.dxc5 Qc7 21.c6 Bxc6 22.Nd4 Bb7 23.f5
exf5 24.Nxf5 Ndc5 25.e5 Rxe5 26.Nd6 Bxg2 27.Qxg2 Rd8 28.Nf5 Nd3 29.Qf3 b4
30.Bxb4 Nxb4 31.Rxd8+ Qxd8 32.Qg4 Qc7 33.Nh6+ Kf8 34.Rxf6+ gxf6 35.Qg8+ Ke7
36.Qg7+ Kd6 37.Nf7+ Kc5 38.Qxf6 Rd5 39.Ng5 Rxg5 {#R} 0-1

[Event "Ch Serbia (qual)"]
[Site "masterchessopen.com Belgrade (Yugoslavia)"]
[Date "2007.01.23"]
[Round "1"]
[White "Pavlovic Milos_ (SRB)"]
[Black "Krstic Petar (SRB)"]
[Result "1-0"]
[WhiteElo "2448"]
[BlackElo "2358"]

1.Nf3 Nf6 2.c4 e6 3.g3 d5 4.d4 dxc4 5.Bg2 Be7 6.O-O a6 7.Ne5 O-O 8.Nxc4 Nc6
9.e3 Bd7 10.Nc3 Rb8 11.Qe2 Nb4 12.e4 b5 13.Ne5 Qc8 14.Rd1 Rd8 15.Bg5 h6 16.Bf4
Nc6 17.Nxd7 Qxd7 18.d5 exd5 19.e5 {#r} 1-0

[Event "Ch Extremadura (team)"]
[Site "masterchessopen.com Extremadura (Spain)"]
[Date "2007.02.10"]
[Round "4"]
[White "Gonzalez Manchon Juan Miguel (ESP)"]
[Black "Garcia-Ortega Mendez Jose M (ESP)"]
[Result "0-1"]
[WhiteElo "2085"]
[BlackElo "2190"]

1.d4 Nf6 2.c4 e6 3.g3 d5 4.Bg2 dxc4 5.Nf3 Be7 6.Qa4+ Nbd7 7.Qxc4 a6 8.O-O b5
9.Qc2 Bb7 10.a4 O-O 11.Bf4 c5 12.axb5 axb5 13.Rxa8 Qxa8 14.Na3 Qa6 15.dxc5
Bxc5 16.Ne5 Bxg2 17.Kxg2 Bxa3 18.Nxd7 Nxd7 19.bxa3 Qxa3 20.Rd1 Nf6 21.e4 Qa8
22.f3 Rc8 23.Qb2 Qa4 24.Qc3 Qa8 25.Qd4 Qc6 26.Rc1 Qe8 27.Rd1 Rc2+ 28.Kh3 Nh5
29.Bc1 f5 30.Qd8 Qxd8 31.Rxd8+ Kf7 32.Ba3 fxe4 33.fxe4 Nf6 34.Rf8+ Kg6 35.Rb8
Nxe4 36.Rxb5 Ng5+ 37.Kh4 Rxh2+ 38.Kg4 h5+ 39.Kf4 Rf2+ {#R} 0-1

[Event "Ch Central Region"]
[Site "masterchessopen.com Tula (Russia)"]
[Date "2007.03.19"]
[Round "3"]
[White "Ponomarenko Viktor (RUS)"]
[Black "Provotorov Ivan (RUS)"]
[Result "0-1"]
[WhiteElo "2167"]
[BlackElo "2401"]

1.d4 Nf6 2.c4 e6 3.Nf3 d5 4.g3 dxc4 5.Bg2 Be7 6.Qa4+ Nbd7 7.O-O a6 8.Qxc4 b5
9.Qc2 Bb7 10.Bd2 c5 11.e3 Rc8 12.Qd1 O-O 13.Qe1 b4 14.dxc5 a5 15.a3 Ba6 16.c6
Nc5 17.axb4 Nb3 18.Rxa5 Bxf1 19.Kxf1 Rxc6 20.Nd4 Nxd4 21.exd4 Rb6 22.Ra7 Re8
23.Kg1 Qxd4 24.Bc3 Qd8 25.b5 Rd6 26.Bf3 Qb6 27.Rb7 Qd8 28.Ba5 Qc8 29.Rc7 Qb8
30.Nc3 Bd8 31.Rb7 Qa8 32.Bb4 Rd3 33.Bc6 Qc8 34.Qe2 Rd4 35.Bc5 Rd7 36.Rxd7 Nxd7
37.Qd2 Ne5 38.Qd6 Bc7 39.Qd1 Rd8 40.Qa4 Nxc6 41.bxc6 Be5 42.Nd1 Qa8 43.Qxa8
Rxa8 44.f4 Bc7 45.Kf2 Ra6 46.Ke3 Rxc6 47.b4 Bb6 48.Kd4 Rd6+ 49.Kc4 Bxc5
50.bxc5 Rxd1 {#R} 0-1

[Event "Ch Europe"]
[Site "masterchessopen.com Dresden (Germany)"]
[Date "2007.04.05"]
[Round "3"]
[White "Markus Robert (SRB)"]
[Black "Danilov Ilie Vladimir (ROM)"]
[Result "1-0"]
[WhiteElo "2586"]
[BlackElo "2414"]

1.d4 d5 2.c4 e6 3.Nf3 Nf6 4.g3 dxc4 5.Bg2 Be7 6.O-O O-O 7.Qc2 a6 8.Qxc4 b5
9.Qc2 Bb7 10.Bd2 Be4 11.Qc1 Nbd7 12.Ba5 Rc8 13.Nbd2 Bb7 14.Qc2 Qe8 15.b4 Nb8
16.a3 Nc6 17.Nb3 Nxa5 18.Nxa5 Be4 19.Qb2 Nd7 20.Rac1 Bd6 21.Ng5 Bxg2 22.Kxg2
h6 23.Nf3 e5 24.dxe5 Nxe5 25.Nxe5 Bxe5 26.Qc2 Qe6 27.Nc6 Rfe8 28.e4 h5 29.f4
Bd6 30.e5 Bf8 31.Qd3 g6 32.Rc2 Bg7 33.h4 f6 34.Qxg6 Qd5+ 35.Kh2 fxe5 36.Nxe5
c5 37.Rxc5 Qd2+ 38.Kh3 Qe2 39.Rf3 Qe1 40.Qf7+ Kh7 41.Qxh5+ Kg8 42.Qf7+ Kh7
43.Qf5+ {#r} 1-0

[Event "Ch Europe"]
[Site "masterchessopen.com Dresden (Germany)"]
[Date "2007.04.13"]
[Round "10"]
[White "Baer Soeren (GER)"]
[Black "Bruned Vianney (ESP)"]
[Result "1-0"]
[WhiteElo "2113"]
[BlackElo "1922"]

1.Nf3 Nf6 2.g3 e6 3.Bg2 d5 4.d4 Be7 5.c4 dxc4 6.O-O O-O 7.Qc2 a6 8.a4 Nbd7
9.Nbd2 Nb6 10.a5 Nbd5 11.Nxc4 Bd7 12.Nfe5 Bb5 13.Rd1 Nd7 14.Nd3 Qc8 15.e4 Nb4
16.Nxb4 Bxb4 17.Bf4 Re8 18.Qb3 Bf8 19.Rac1 Bxc4 20.Rxc4 c5 21.dxc5 Nxc5 22.Qc2
Rd8 23.b4 Rxd1+ 24.Qxd1 Qd7 25.Rd4 Qe8 26.e5 Na4 27.Bxb7 Nc3 28.Qf3 Nb5 29.Rc4
Ra7 30.Be3 Rxb7 31.Qxb7 Na3 32.Rc8 {#r} 1-0

[Event "Ukrainian Games (w)"]
[Site "masterchessopen.com Evpatoria (Ukraine)"]
[Date "2007.05.24"]
[Round "6"]
[White "Morozova Julia (UKR)"]
[Black "Kalinina Olga (UKR)"]
[Result "0-1"]
[WhiteElo "2078"]
[BlackElo "2194"]

1.d4 d5 2.Nf3 Nf6 3.c4 dxc4 4.g3 e6 5.Bg2 Be7 6.O-O O-O 7.Ne5 c5 8.dxc5 Bxc5
9.Nc3 Qe7 10.Bg5 h6 11.Bf4 Rd8 12.Qa4 Nd5 13.Qxc4 Nxf4 14.Qxf4 Nd7 15.Rfd1 g5
16.Qe4 f5 17.Qd3 Bb6 18.Qb5 Qg7 19.Bxb7 Rb8 20.Bxc8 Bxf2+ 21.Kxf2 Rxb5 22.Nxb5
Qxe5 23.Bxd7 Kg7 24.Rac1 f4 25.Rc3 Kg6 26.a4 Qg7 27.Rcd3 fxg3+ 28.hxg3 Rf8+
29.Rf3 Rxf3+ 30.Kxf3 Qf6+ 31.Kg2 Qxb2 32.Kf2 a6 33.Nd4 Qb4 34.Nxe6 h5 35.Rd5
Qb6+ 36.Kf3 Qb3+ 37.Ke4 Qc2+ 38.Ke5 Qxe2+ 39.Kd6 Qe3 40.Rxg5+ Kf6 41.Kc6 Qc3+
42.Kb7 Qb4+ 43.Kc7 h4 44.gxh4 Qxh4 45.Rc5 Ke7 46.Nd8 Qh2+ 47.Kc8 Qh8 48.Re5+
Kd6 49.Re6+ Kd5 50.Rxa6 Qc3+ 51.Bc6+ Kd6 52.Kb7 Ke7 53.Ra8 Qd4 54.Bb5 Qg7
55.Nc6+ Kd6+ 56.Ka6 Qg4 57.a5 Kc5 58.Re8 Qg1 59.Re5+ Kd6 60.Rh5 Qb1 61.Rh6+
Kc5 62.Rh5+ Kd6 63.Kb6 Qg1+ 64.Kb7 Qg7+ 65.Ka8 Qf8+ 66.Ka7 Qf7+ 67.Kb6 Qxh5
68.a6 Qc5+ 69.Ka5 Kc7 70.a7 Qa3+ 71.Ba4 Kb7 72.Kb5 Qc3 73.a8=Q+ Kxa8 74.Kb6
Qe3+ 75.Ka6 Qa3 76.Ka5 Kb7 77.Nb4 Qa1 78.Nc6 Qf6 79.Kb4 Kb6 80.Kc4 Qe6+ 81.Kb4
Qg4+ 82.Kb3 Kc5 83.Ka3 Qe2 84.Nb4 Qe3+ 85.Bb3 Qc1+ {#R} 0-1

[Event "It \"]
[Site "masterchessopen.com Differdange (Luxembourg)"]
[Date "2007.07.11"]
[Round "6"]
[White "Penzel Nils (GER)"]
[Black "Mamedjarova Zeinab (AZE)"]
[Result "0-1"]
[WhiteElo "2062"]
[BlackElo "2342"]

1.d4 d5 2.Nf3 Nf6 3.c4 e6 4.g3 Be7 5.Bg2 dxc4 6.O-O b5 7.a4 c6 8.b3 cxb3
9.Qxb3 b4 10.Ne5 Nd5 11.e4 Nf6 12.Rd1 O-O 13.Bb2 a5 14.Nd2 Qb6 15.Ndc4 Qa6
16.Rac1 Rd8 17.Ne3 Ra7 18.Kh1 Rc7 19.d5 c5 20.N5c4 exd5 21.exd5 Ne8 22.Be5 Nd6
23.Nxd6 Bxd6 24.Bxd6 Qxd6 25.Nc4 Qa6 26.d6 Ra7 27.Bd5 Nc6 28.Bxc6 Qxc6+ 29.f3
Be6 30.Ne5 Qa6 31.Qe3 Rxd6 32.Qxc5 Rxd1+ 33.Rxd1 Ra8 34.Nc6 Qe2 35.Qd6 Qxf3+
36.Kg1 h6 {#R} 0-1

[Event "Ch South America"]
[Site "masterchessopen.com Cali (Colombia)"]
[Date "2007.07.12"]
[Round "3"]
[White "Cordova Emilio (PER)"]
[Black "Granda Zuniga Julio E (PER)"]
[Result "0-1"]
[WhiteElo "2493"]
[BlackElo "2592"]

{ Cordova Emilio (PER) +1 =0 -0 Granda Zuniga Julio E (PER) +2 =2 -0 } 1.d4
Nf6 2.Nf3 e6 3.g3 d5 4.Bg2 Be7 5.c4 dxc4 6.Qa4+ Bd7 7.Qxc4 Bc6 8.Nc3 { ? } (
8.O-O O-O 9.Bf4 Nbd7 10.Rd1 Bd6 11.Bg5 h6 12.Bxf6 Nxf6 13.Nc3 Qe7 14.Nd2 Bxg2
15.Kxg2 c6 16.Nde4 Nxe4 17.Nxe4 Rad8 18.e3 Qd7 19.Rac1 Be7 20.a3 Qd5 21.Qxd5
Rxd5 22.f4 Rfd8 23.Kf3 c5 24.Nc3 R5d7 25.dxc5 Bxc5 26.Rxd7 Rxd7 27.Ne4 Bb6 {
...1-0, Izoria Zviad 2646 - Bagheri Amir 2520 , Bastia 2.11.2005 It "Corsica
Masters" (open) } ) 8...a6 ( 8...O-O 9.O-O Nbd7 10.Rd1 Ne4 11.Bd2 Nb6 12.Qd3
Nxc3 13.Bxc3 Qd5 14.Ne1 Qb5 15.e4 Qxd3 16.Nxd3 Rfd8 17.b3 a5 18.a4 Bf6 19.Ne5
Bxe5 20.dxe5 Rxd1+ 21.Rxd1 Nd7 22.Bd4 Rd8 23.Be3 Kf8 24.f4 Ke8 25.Kf2 Nb8
26.Rxd8+ Kxd8 27.Bd4 b5 28.axb5 { ...1-0, Atalik Suat 2585 - Lazovic Gordan
2315 , Sk.Loka 1998 Ch Slovenia (team) } ) ( 8...Nbd7 9.O-O O-O 10.Qd3 Nd5
11.Nxd5 Bxd5 12.e4 Bc6 13.Rd1 b6 14.Bf4 Bb7 15.Rac1 Rc8 16.Qe2 Bd6 17.Qe3 Bxf4
18.Qxf4 Qe7 19.Rxc7 e5 20.Qc1 exd4 21.Rxd4 Nf6 22.Rdc4 Qe6 { 1-0, Wojtkiewicz
Aleksander 2570 - Czerwonski Aleksander 2360 , Warsaw 1995 Ch Poland } ) 9.a3
( 9.Qd3 Nbd7 10.Bg5 b5 11.a3 Bb7 12.b4 c6 13.O-O a5 14.Ne5 Nxe5 15.dxe5 Qxd3
16.exd3 Nd5 17.Bxd5 exd5 18.Bxe7 Kxe7 19.Ne2 Ra6 20.Nd4 g6 21.Rac1 axb4
22.axb4 Rc8 23.Nb3 Rc7 24.Nc5 Ra7 25.Ra1 Bc8 26.f4 Be6 27.Kf2 d4 28.Kf3 Bd5+ {
...1-0, Bagheri Amir 2405 - Toomanian Hamlet 2253 , Arak 1998 Ch Iran } )
9...b5 { N } ( 9...O-O 10.O-O Nbd7 11.Qd3 b5 12.Be3 Qc8 13.Rac1 { 1/2-1/2,
Soppe Guillermo 2471 - Delgado Neuris 2481 , Santa Clara 2000 Memorial
G.Garcia (b) } ) 10.Qd3 Nbd7 11.O-O O-O 12.Rd1 Bb7 13.e4 ( 13.b4 Nd5 14.Bd2 f5
15.Rac1 h6 16.Ne5 N7f6 17.Nxd5 Bxd5 18.f3 Bb7 19.e4 fxe4 20.fxe4 Rc8 21.Re1
Re8 22.Nc6 Qd7 23.e5 Nd5 24.Na5 Ba8 25.Qg6 Bg5 26.Bxg5 hxg5 27.Be4 Ne7 28.Qh7+
Kf8 29.Rf1+ Nf5 30.d5 Bxd5 31.Bxf5 exf5 32.Rxf5+ Bf7 { ...1-0, Spacek Petr
2395 - Suran Jan 2145 , Usti nad Labem 1994 Ch Czech Republic (open) } ) (
13.Qc2 Qc8 14.b4 Nb6 15.Bf4 Nbd5 16.Nxd5 Nxd5 17.Bg5 Qd8 18.Bxe7 Qxe7 19.Ne5
a5 20.Qc5 Qd6 21.Rac1 axb4 22.axb4 Ra4 23.Nd3 Qb6 24.Qxb6 cxb6 25.Rd2 Ba8
26.Rb2 h6 27.e3 Nf6 28.Bxa8 Rfxa8 29.Rc6 Ra3 30.Ne5 Nd5 31.Nd7 Kh7 32.h4 h5 {
...0-1, Pribyl Josef 2420 - Pribyl Martin 2360 , Prague 1994 It (cat.4)
"Mladi" } ) 13...c5 14.d5 { -0.26 CAP } ( 14.dxc5 Nxc5 15.Qe2 Qc8 16.Nd4 Rd8
17.Bf4 Rxd4 18.Rxd4 Nb3 19.Rdd1 Nxa1 20.Rxa1 Qc6 21.Rc1 Rc8 22.Na2 Qe8 23.Rxc8
Qxc8 24.Nc3 Qc6 25.Qd2 h6 26.f3 Nd7 27.Be3 Ne5 28.Bf2 Nc4 29.Qc1 Bf6 30.Nd1
Nxb2 31.Qxc6 Bxc6 32.Nxb2 Bxb2 33.Bc5 Bc3 { ...0-1, Wyrwich Thomas 2274 -
Savchenko Viacheslav 2435 , Dortmund 2000 It (open) (a) } ) ( 14.e5 { +0.18
CAP } ) 14...c4 { N } ( 14...exd5 15.e5 Ne4 16.Nxd5 Nb6 17.Nxe7+ Qxe7 18.Bf4
Rad8 19.Qc2 Rxd1+ 20.Rxd1 f5 21.exf6 Qxf6 22.Ne5 Qf5 23.Re1 g5 24.Bxg5 Qxe5
25.Bxe4 Bxe4 26.Qxe4 Qxg5 27.Qe6+ Kh8 28.Qxb6 Qd2 29.Rf1 c4 30.Qc5 Rf6 31.Qe5
Qd6 32.Qc3 Kg8 33.a4 Rf7 34.axb5 { ...1-0, Trichkov Vasil 2333 - Satyapragyan
Swayangsu 2411 , Olomouc 8. 8.2005 It (open) } ) 15.Qc2 Qb6 16.Bf4 Nc5 17.d6
Bd8 18.e5 Nfd7 19.Be3 Rc8 20.Qe2 Qa7 21.Bxc5 Nxc5 22.Nd4 Bb6 23.Bxb7 Qxb7
24.Qf3 Qd7 25.Ne4 Nd3 26.Rxd3 cxd3 27.Nb3 { ?! } ( 27.Qxd3 { !? } 27...f5
28.Nc3 Bxd4 29.Qxd4 Rc4 30.Qb6 Qc6 31.Qa7 Rd8 32.Rc1 Rd7 { } ) 27...Qc6 28.Nc1
{ ?! } ( 28.Qxd3 { !? } 28...Qc2 29.Qxc2 Rxc2 30.Rd1 Rxb2 31.Nbc5 Ra8 32.d7
Kf8 33.Rd6 { } ) 28...d2 { ?! } ( 28...Bxf2+ { !? } 29.Kg2 Bd4 30.Nxd3 Bxb2
31.Rd1 Bd4 32.Nb4 Qb6 33.Qf4 Rc4 34.Kh3 a5 { } ) 29.Nd3 Qd5 30.Nxd2 Qxf3
31.Nxf3 f6 32.Kg2 Rc2 33.Re1 fxe5 34.Rxe5 Rd8 35.Rxe6 Rc6 36.Nb4 Rcxd6 37.Rxd6
Rxd6 38.Nxa6 Rd3 39.Nb4 Rb3 40.Nd5 Bc5 41.Nf4 Bd6 42.Nd4 Rxb2 43.Kf3 Bxa3
44.Nd3 Rb1 45.Ke4 Bf8 46.Ke3 b4 47.Kd2 Ra1 48.h4 Ra2+ 49.Ke1 g6 50.Nb3 Bg7
51.g4 Bc3+ { } {#R} 0-1

[Event "It (open)"]
[Site "masterchessopen.com Plunge (Lithuania)"]
[Date "2007.07.20"]
[Round "7"]
[White "Rumiancev Boris (LTU)"]
[Black "Kalvaitis Sigitas (LTU)"]
[Result "0-1"]
[WhiteElo "2170"]
[BlackElo "2245"]

1.d4 e6 2.c4 Nf6 3.Nf3 d5 4.g3 dxc4 5.Bg2 Be7 6.O-O O-O 7.Qc2 a6 8.a4 Bd7
9.Nbd2 Nc6 10.Nxc4 Nb4 11.Qb1 Bc6 12.Be3 Be4 13.Qd1 Nfd5 14.Rc1 Nxe3 15.Nxe3
Rc8 16.Qb3 Qd6 17.Rfd1 Rfd8 18.Ne5 Bxg2 19.Kxg2 a5 20.Qc4 c5 21.f4 cxd4
22.Qxc8 Rxc8 23.Rxc8+ Bf8 24.N3c4 Qd5+ 25.Nf3 Qe4 26.Rd2 Nd5 27.Kf2 d3 28.exd3
Qf5 29.Nce5 Nb6 30.Rb8 f6 31.Nc4 Qc5+ 32.Ke2 Qc7 33.Rxf8+ Kxf8 34.Nxa5 Nxa4
35.Nc4 Nc5 36.b4 Na6 37.b5 Nb4 38.Rb2 Qc5 39.b6 Nd5 40.h4 h5 41.Nfd2 Qg1
42.Kf3 Qh1+ 43.Kf2 Nc3 44.Ne3 Qh2+ {#R} 0-1

[Event "Ch Europe (active) (w)"]
[Site "masterchessopen.com Predeal (Romania)"]
[Date "2007.08.08"]
[Round "6"]
[White "Voiska Margarita (BUL)"]
[Black "Gheorghe Corina (ROM)"]
[Result "1-0"]
[WhiteElo "2294"]
[BlackElo "2241"]

1.d4 d5 2.c4 e6 3.g3 Nf6 4.Bg2 dxc4 5.Nf3 Be7 6.O-O O-O 7.Na3 Bxa3 8.bxa3 Nbd7
9.Rb1 c5 10.dxc5 Nxc5 11.Qc2 b6 12.Be3 Bb7 13.Bxc5 Be4 14.Qxc4 Rc8 15.Rbc1
Rxc5 16.Qb4 Qc7 17.Rxc5 bxc5 18.Rc1 Rc8 19.Qa4 Bd5 20.Nd2 Bxa2 21.e4 e5 22.Bh3
Rd8 23.Qc2 Be6 24.Bxe6 fxe6 25.Nb3 c4 26.Qxc4 Qxc4 27.Rxc4 Rd3 28.Rc8+ Kf7
29.Rc7+ Kg6 30.Nc5 Rxa3 31.Nxe6 Nxe4 32.Nf8+ Kh6 33.Rc4 Rf3 34.Nd7 Nxf2
35.Nxe5 Rf5 {#r} 1-0

[Event "It (open)"]
[Site "masterchessopen.com Callao (Peru)"]
[Date "2007.08.10"]
[Round "3"]
[White "Cordova Emilio (PER)"]
[Black "Cabrera Huaman Andres (PER)"]
[Result "1-0"]
[WhiteElo "2493"]
[BlackElo "2259"]

1.d4 Nf6 2.Nf3 e6 3.g3 d5 4.Bg2 Be7 5.c4 dxc4 6.Qa4+ Nbd7 7.O-O O-O 8.Qxc4 a6
9.Qc2 c5 10.dxc5 Bxc5 11.Nc3 Ra7 12.Na4 Be7 13.Be3 Ra8 14.Nc3 Nd5 15.Nxd5 exd5
16.Rad1 Nf6 17.Ng5 g6 18.Bd4 Bf5 19.Qb3 Qc8 20.Rc1 Qd7 21.Qb6 Bd8 22.Qb3 Re8
23.e3 Rc8 24.Nf3 Be7 25.Ne5 Qb5 26.Qxb5 axb5 27.g4 Rxc1 28.Rxc1 Rc8 29.Rxc8+
Bxc8 30.f3 Nd7 31.Nd3 b6 32.b4 Bb7 33.a3 Bf6 34.Bxf6 Nxf6 35.Ne5 Ne8 36.Nd7
Nd6 37.Nxb6 Bc6 38.f4 Ne4 39.Kf1 Kf8 40.Ke2 Ke7 41.Kd3 f5 42.gxf5 gxf5 43.Kd4
Kd6 44.Nc8+ Kd7 45.Na7 Nf6 46.h3 Bb7 47.Ke5 Ke7 48.Nxb5 Nd7+ 49.Kxf5 Nb6
50.Ke5 Bc6 51.Bf1 h5 52.Nd4 Nd7+ 53.Kf5 Bb7 54.Kg5 Nf6 55.Bg2 Kf7 56.a4 h4
57.b5 Nd7 58.a5 Nc5 59.Kxh4 Kg6 60.a6 Ba8 61.Kg4 {#r} 1-0

[Event "Cup Independence (open)"]
[Site "masterchessopen.com Kiev (Ukraine)"]
[Date "2007.08.16"]
[Round "4"]
[White "Baryshpolets Andrey (UKR)"]
[Black "Bykov Alexey (RUS)"]
[Result "1-0"]
[WhiteElo "2399"]
[BlackElo "2085"]

1.d4 e6 2.c4 d5 3.Nf3 Nf6 4.g3 Be7 5.Bg2 dxc4 6.O-O O-O 7.Qc2 a6 8.a4 Bd7
9.Qxc4 Bc6 10.Bg5 Nbd7 11.Nc3 a5 12.Rfe1 Nb6 13.Qd3 Bd5 14.e4 Bc4 15.Qc2 Nfd7
16.h4 Bxg5 17.hxg5 c5 18.d5 Re8 19.b3 Ba6 20.dxe6 Rxe6 21.Rad1 Qe7 22.Bh3 Rd6
23.Nd5 Nxd5 24.exd5 Qf8 25.Bf5 g6 26.Bxd7 Rxd7 27.Ne5 Rdd8 28.Ng4 b6 29.Nh6+
Kg7 30.Qc3+ f6 31.Re6 Rd6 32.Rde1 {#r} 1-0

[Event "Ch Poland (team) (extraliga)"]
[Site "masterchessopen.com Ustron (Poland)"]
[Date "2007.09.07"]
[Round "7"]
[White "Krasenkow Michal (POL)"]
[Black "Tazbir Marcin (POL)"]
[Result "1-0"]
[WhiteElo "2668"]
[BlackElo "2464"]

1.Nf3 Nf6 2.c4 e6 3.g3 d5 4.d4 Be7 5.Bg2 dxc4 6.Qa4+ Nbd7 7.Qxc4 Rb8 8.Nc3 a6
9.a4 Bd6 10.e4 e5 11.Be3 Nb6 12.Qd3 Bg4 13.d5 Bxf3 14.Bxf3 Qe7 15.O-O O-O
16.Rfc1 Nbd7 17.a5 Rfc8 18.Nb1 Nc5 19.Qc2 Ncd7 20.Qe2 Bc5 21.Bxc5 Nxc5 22.Nd2
h6 23.Rc2 b5 24.Qe3 Ncd7 25.Rc6 Ra8 26.Rac1 Ne8 27.Bg4 Rd8 28.Bxd7 Rxd7 29.Nb3
Qb4 30.f3 Rd6 31.Qc3 Qxc3 32.R1xc3 Kf8 33.Nc1 f5 34.Nd3 fxe4 35.fxe4 Nf6
36.Nf2 Ne8 37.Ng4 Rxc6 38.Rxc6 Nd6 39.Rxc7 Nc4 40.b3 Nxa5 41.Nxe5 Nxb3 42.d6
Rd8 43.Ng6+ Kg8 44.d7 Kf7 45.Rc8 Rxd7 46.Ne5+ Ke7 47.Nxd7 Kxd7 48.Rc3 Na5
49.Ra3 Nc6 50.Rxa6 Kd6 51.Kf2 Kc5 52.Ke3 b4 53.Ra1 b3 54.Rc1+ Kb5 55.Kd2 Nb4
56.e5 {#r} 1-0

[Event "Memorial E.Geller (open)"]
[Site "masterchessopen.com Odessa (Ukraine)"]
[Date "2007.09.11"]
[Round "4"]
[White "Aliferenko Aleksei (UKR)"]
[Black "Ivanov Pavel (RUS)"]
[Result "1-0"]
[WhiteElo "2250"]
[BlackElo "1996"]

1.d4 e6 2.c4 d5 3.Nf3 Nf6 4.g3 dxc4 5.Bg2 Be7 6.Qc2 a6 7.Qxc4 b5 8.Qc2 Bb7
9.O-O Be4 10.Qd1 b4 11.Nbd2 Bd5 12.Qc2 O-O 13.e4 Bb7 14.e5 Nd5 15.Ne4 h6 16.a4
bxa3 17.bxa3 Nd7 18.Rb1 Ra7 19.Nfd2 c5 20.Nxc5 Bxc5 21.dxc5 Nxe5 22.Bb2 Nc6
23.Nc4 Nce7 24.Ne5 Qc7 25.Rfc1 Nc6 26.Qe2 Nxe5 27.Bxe5 Qc6 28.Qg4 f6 29.Bd4
Rf7 30.Rb6 f5 31.Rxc6 fxg4 32.Rxe6 Nc7 33.Rg6 Bxg2 34.Kxg2 Nb5 35.Bb2 Rae7
36.Rc2 Re4 37.Rxa6 Nc7 38.Ra7 Kf8 39.Bc1 g5 40.Be3 Ke8 41.c6 Rxe3 42.fxe3 Kd8
43.Rf2 Re7 44.Rf8+ Ne8 {#r} 1-0

[Event "Ch Europe (juniors) (under 16)"]
[Site "masterchessopen.com Sibenik (Croatia)"]
[Date "2007.09.19"]
[Round "6"]
[White "Yilmazyerli Mert (TUR)"]
[Black "Yaksin Oleg (RUS)"]
[Result "1-0"]
[WhiteElo "2120"]
[BlackElo "2325"]

1.d4 d5 2.Nf3 Nf6 3.c4 e6 4.g3 Be7 5.Bg2 dxc4 6.Qa4+ Bd7 7.Qxc4 Bc6 8.O-O O-O
9.Nc3 a6 10.Bg5 b5 11.Qd3 Nbd7 12.a3 h6 13.Bxf6 Nxf6 14.b4 Bb7 15.e4 c5
16.bxc5 Bxc5 17.e5 Ne8 18.Rfd1 Bb6 19.d5 exd5 20.Nxd5 Bxd5 21.Qxd5 Qxd5
22.Rxd5 Rc8 23.a4 bxa4 24.Rxa4 Rc1+ 25.Bf1 Nc7 26.Rd2 a5 27.Rb2 Nd5 28.Nd2
Rfc8 29.Rc4 Nb4 30.Rxc8+ Rxc8 31.Nc4 Bd4 32.Rb3 Nc6 33.Ra3 Bc5 34.Ra1 Re8
35.Nxa5 Nxe5 36.Be2 Rb8 37.Nc4 Nc6 38.Kg2 Nd4 39.Bd3 g6 40.Ra5 Nb3 41.Ra6 Rd8
42.Ne5 Rd5 43.f4 g5 44.Bc4 Rd2+ 45.Kh3 Nd4 46.Bxf7+ Kf8 47.Bg6 Ke7 48.f5 Rb2
49.f6+ Kd8 50.Ra8+ Kc7 51.Nd3 Rb6 52.Nxc5 Rxf6 53.Ra6 Rxa6 54.Nxa6+ Kd6 55.Kg4
Ke7 56.Nc5 Kf6 57.Bd3 Nc6 58.Kh5 Ne5 59.Be2 Nf7 60.Ne4+ Kg7 61.Nf2 Ne5 62.Ng4
Ng6 63.Bd3 {#r} 1-0

[Event "Ch Paulista"]
[Site "masterchessopen.com Americana (Brazil)"]
[Date "2007.10.13"]
[Round "4"]
[White "El Debs Felipe De Cresce (BRA)"]
[Black "Colen Frederico Gazel C"]
[Result "1-0"]
[WhiteElo "2416"]
[BlackElo "2250"]

1.d4 Nf6 2.c4 e6 3.g3 d5 4.Nf3 dxc4 5.Bg2 Be7 6.O-O O-O 7.Qc2 c6 8.Qxc4 b5
9.Qc2 Qb6 10.Nbd2 Bb7 11.Nb3 Nbd7 12.Be3 Nd5 13.Bg5 Bd6 14.e4 Nb4 15.Qd2 Na6
16.Rfd1 Rfe8 17.Rac1 Bf8 18.Be3 c5 19.dxc5 Ndxc5 20.Nxc5 Bxc5 21.Bxc5 Nxc5
22.Qf4 Rad8 23.Ne1 Rxd1 24.Rxd1 e5 25.Qg4 Rd8 26.Rxd8+ Qxd8 27.Qe2 a6 28.Qc2
Qd4 29.Nf3 Qd6 30.Qd2 Qxd2 31.Nxd2 Nd3 32.b3 b4 33.Nc4 Nc1 34.Nxe5 Nxa2 35.Nd3
a5 36.Nc5 Nc3 37.Nxb7 a4 38.bxa4 Ne2+ 39.Kh1 b3 40.e5 Nc3 41.Bf1 b2 42.Bd3
Nxa4 43.Kg2 Nc3 44.Kf3 b1=Q 45.Bxb1 Nxb1 46.Ke3 Nc3 47.Kd4 Nb5+ 48.Kc5 Nc3
49.Nd6 Kf8 50.Kc4 Na4 51.f4 g6 52.g4 Nb6+ 53.Kd4 Kg7 54.Kc5 Na4+ 55.Kd4 Nb6
56.Ne8+ Kf8 57.Nf6 h6 58.Kc5 Na4+ 59.Kd5 Nb6+ 60.Kd4 Kg7 61.h4 Kf8 62.h5 Kg7
63.Kc5 Na4+ 64.Kd6 Nb6 65.hxg6 Kxg6 66.Ke7 Nc4 67.Kf8 Ne3 68.Kg8 Nc4 69.Nh7
Nxe5 70.f5# 1-0

[Event "Ch Russia (students) (open)"]
[Site "masterchessopen.com Novokuznetsk (Russia)"]
[Date "2007.10.27"]
[Round "6"]
[White "Prushinin Stanislav (RUS)"]
[Black "Ivanova Tatiana (RUS)"]
[Result "1-0"]
[WhiteElo "2288"]
[BlackElo "2128"]

1.d4 d5 2.c4 e6 3.Nf3 Nf6 4.g3 dxc4 5.Bg2 Be7 6.O-O O-O 7.Ne5 c5 8.dxc5 Bxc5
9.Qc2 Qc7 10.Nxc4 Nc6 11.Nc3 Nd4 12.Qd3 e5 13.Bg5 Bf5 14.e4 Be6 15.Bxf6 Bxc4
16.Qxc4 gxf6 17.Nd5 Qc6 18.b4 Bd6 19.Qd3 Kg7 20.Rac1 Qa4 21.Rc4 Rac8 22.Rxd4
exd4 23.Qf3 f5 24.e5 Bxe5 25.Qxf5 Rfe8 26.f4 Rc2 27.Be4 {#r} 1-0

[Event "Ch World (juniors) (under 14)"]
[Site "masterchessopen.com Kemer (Turkey)"]
[Date "2007.11.24"]
[Round "7"]
[White "Egodage Thilina Sampath (SRI)"]
[Black "Komut Kaan (TUR)"]
[Result "0-1"]
[WhiteElo "1793"]
[BlackElo "1798"]

1.d4 d5 2.g3 Nf6 3.Bg2 e6 4.c4 dxc4 5.Nf3 Be7 6.O-O O-O 7.Nc3 Nd5 8.Ne5 Nb6
9.e4 N8d7 10.Nxd7 Qxd7 11.Be3 Qd8 12.f4 Qe8 13.Qe2 Bd7 14.g4 Rc8 15.f5 exf5
16.gxf5 c5 17.d5 Bf6 18.Qf2 Na4 19.Rac1 Nxc3 20.bxc3 b6 21.Bf4 Be5 22.Qg3 Bxf4
23.Qxf4 f6 24.Rf3 b5 25.Bf1 Qe7 26.Rh3 Rfe8 27.Bg2 b4 28.Qh4 h6 29.Rg3 Qe5
30.Qg4 Re7 31.Qd1 a5 32.Qd2 b3 33.Rb1 a4 34.a3 Rb8 35.Rb2 Be8 36.Bf3 Rd8
37.Rg2 Kh7 38.Rg3 Bf7 39.Kf2 Rg8 40.Rh3 Qd6 41.Ke1 Rge8 42.Rh4 Rg8 43.Kf2 Rd7
44.Rh3 Qf8 45.Qe2 Be8 46.Qxc4 Rb7 47.Qa6 Qe7 48.Qf1 Qe5 49.Qc1 c4 50.Rh4 Qd6
51.Qe3 Qxa3 52.Qe2 Qc5+ 53.Kf1 a3 54.Rb1 a2 55.Rd1 b2 56.Qe1 b1=Q {#R} 0-1

[Event "NRW-liga 2007/08"]
[Site "masterchessopen.com Germany"]
[Date "2007.12.09"]
[Round "4"]
[White "Henrichs Thomas (GER)"]
[Black "Koch Thomas (GER)"]
[Result "1-0"]
[WhiteElo "2498"]
[BlackElo "2079"]

1.d4 Nf6 2.c4 e6 3.g3 d5 4.Nf3 Be7 5.Bg2 dxc4 6.O-O O-O 7.Qc2 c5 8.dxc5 Nc6
9.Qxc4 e5 10.Nc3 Qa5 11.Bg5 Be6 12.Qa4 Qxa4 13.Nxa4 Rfd8 14.b3 h6 15.Bxf6 gxf6
16.Rfd1 Rab8 17.Nd2 Nb4 18.Nc4 b5 19.cxb6 Rxd1+ 20.Rxd1 axb6 21.Ncxb6 Nxa2
22.Bd5 Bh3 23.Bc4 Nb4 24.Nd5 Nxd5 25.Rxd5 Bf5 26.Nc3 Bb4 27.Rb5 Rxb5 28.Nxb5
Kf8 29.Nc7 Be4 30.Bd5 Ba5 31.Bxe4 Bxc7 32.Kg2 Bd6 33.Kf3 Bc5 34.e3 Bb4 35.Bd3
Be1 36.Ke2 Bb4 37.f4 Ke7 38.Kf3 Bc5 39.Ke4 exf4 40.exf4 Bg1 41.Kf3 Bc5 42.Kg4
Kf8 43.Bc4 Bg1 44.h3 Bc5 45.Kf5 Ke7 46.g4 Bb4 47.Ke4 Bd2 48.f5 Kd6 49.Kd4 Be1
50.Bxf7 Bf2+ 51.Kc4 Be1 52.b4 Bf2 53.Bd5 Be1 54.Bg2 Bf2 55.Kb5 Be1 56.Bf3 Bf2
57.Ka6 Kc7 58.b5 Be3 59.Bd5 Bf2 60.Be6 Be3 61.h4 Bd4 62.Bd5 Kd6 63.Bc4 Kc7
64.Be6 Kd6 65.b6 Kc6 66.b7 Kc7 67.Bd5 Kb8 68.Bf3 Ba1 69.Kb6 Be5 70.Kc6 Bg3
71.g5 fxg5 72.hxg5 hxg5 73.f6 Be1 74.f7 Bb4 75.Kd7 g4 76.Bg2 {#r} 1-0